Southville International School and Colleges
Your cart is empty.
  • Cart
  • Lists
    Public lists Eva Luna New books Lux_list list_1
    Your lists Log in to create your own lists
  • Log in to your account
  • Your cookies
  • Search history
Southville International School and Colleges
  • Advanced search
  • Recent comments
  • Most popular
  • Libraries

Log in to your account

Log in with GOOGLE


If you do not have an external account, but do have a local account, you can still log in:

  1. Home
  2. MARC view: Principles of bar sevice operations /
Normal view MARC view ISBD view

Principles of bar sevice operations / (Record no. 293152)

[ view plain ]
MARC details
000 -LEADER
fixed length control field 00656nam a2200241Ia 4500
008 - FIXED-LENGTH DATA ELEMENTS--GENERAL INFORMATION
fixed length control field 160404s9999 xx 000 0 und d
020 ## - INTERNATIONAL STANDARD BOOK NUMBER
International Standard Book Number 971-08-6714-8
050 ## - LIBRARY OF CONGRESS CALL NUMBER
Classification number FIL TX 950.7
050 ## - LIBRARY OF CONGRESS CALL NUMBER
Item number .D58 2007 c.2
100 ## - MAIN ENTRY--PERSONAL NAME
Personal name Ditan, Joseph Linford A.
245 ## - TITLE STATEMENT
Title Principles of bar sevice operations /
245 ## - TITLE STATEMENT
Statement of responsibility, etc Joseph Linford A. Ditan.
260 ## - PUBLICATION, DISTRIBUTION, ETC. (IMPRINT)
Place of publication, distribution, etc Mandaluyong:
260 ## - PUBLICATION, DISTRIBUTION, ETC. (IMPRINT)
Name of publisher, distributor, etc National Book Store,
260 ## - PUBLICATION, DISTRIBUTION, ETC. (IMPRINT)
Date of publication, distribution, etc 2007
300 ## - PHYSICAL DESCRIPTION
Extent 160 pages :
300 ## - PHYSICAL DESCRIPTION
Other physical details illustrations ;
300 ## - PHYSICAL DESCRIPTION
Dimensions 26 cm.
500 ## - GENERAL NOTE
General note Includes bibliographical references.
650 ## - SUBJECT ADDED ENTRY--TOPICAL TERM
Topical term or geographic name as entry element Bar -- Operations.
650 ## - SUBJECT ADDED ENTRY--TOPICAL TERM
Topical term or geographic name as entry element Bartending.
650 ## - SUBJECT ADDED ENTRY--TOPICAL TERM
General subdivision Bar -- Services.
Holdings
Withdrawn status Lost status Damaged status Home library Current library Shelving location Date acquired Cost, normal purchase price Total Checkouts Full call number Barcode Date last seen Price effective from Koha item type
      South Mansfield College South Mansfield College Filipiniana Section 01/11/2008 345.00   FIL TX 950.7 .D58 2007 c.2 SMC04835 04/04/2016 04/04/2016  

Principles of bar sevice operations /

APA

Ditan J. L. A., .Principles of bar sevice operations. Mandaluyong: .

Chicago

Ditan Joseph Linford A, .Principles of bar sevice operations. Mandaluyong: .

Harvard

Ditan J. L. A., .Principles of bar sevice operations. Mandaluyong: .

MLA

Ditan Joseph Linford A, .Mandaluyong: . .

  • Place hold
  • Print
  • Cite
  • Add to your cart (remove)
  • Save record
    BIBTEX Dublin Core MARCXML MARC (non-Unicode/MARC-8) MARC (Unicode/UTF-8) MARC (Unicode/UTF-8, Standard) MODS (XML) RIS
  • More searches
    Search for this title in:
    Other Libraries (WorldCat) Other Databases (Google Scholar) Online Stores (Bookfinder.com) Open Library (openlibrary.org)

Exporting to Dublin Core...

SOUTHVILLE LIBRARY

Southville International School and Colleges Library

1281 Tropical Ave. Cor. Luxembourg St., BF Homes International, Las Pinas City

Tel. No. 8256374 / 252358 Loc. 117/146

Powered by Koha